000 00575nam a2200205Ia 4500
005 20250923150014.0
008 008 250917s9999 xx 000 0 eng d
037 _aTextual
040 _aDSWL
_beng
_cDSWL
041 _aeng
_2eng
084 _aX:31x2, N99
_qDSWL
245 0 _aIncome poverty and beyond
_cEd. by R.J. Chelliah
260 _aNew Delhi
_b Social Science Press
_c1999
300 _axxvi,221 p.
365 _aINR
_b395.00
700 _a R. Sudarshan
_9841207
925 _g395.00
942 _cTEXL
_hX:31x2, N99
999 _c1458410
_d1458410